Introducción al análisis genético /
Guardado en:
| Otros Autores: | , |
|---|---|
| Formato: | Libro |
| Idioma: | Spanish English |
| Publicado: |
Madrid :
McGraw-Hill Interamericana de España,
1994.
|
| Edición: | 4a ed. |
| Etiquetas: |
Agregar Etiqueta
Sin Etiquetas, Sea el primero en etiquetar este registro!
|
| LEADER | 00909nam a22002295a 4500 | ||
|---|---|---|---|
| 001 | EEA.libagro009111 | ||
| 005 | 20181018121334.0 | ||
| 008 | 080404s1994####sp#a#####b####001#0#spa#d | ||
| 020 | |a 8476157487 | ||
| 041 | 1 | |a spa |h eng | |
| 082 | 0 | 4 | |a 575.1 |2 19 |
| 245 | 0 | 0 | |a Introducción al análisis genético / |c David T. Suzuki; Anthony J. F. Griffiths ... [et al. ]. |
| 250 | |a 4a ed. | ||
| 260 | |a Madrid : |b McGraw-Hill Interamericana de España, |c 1994. | ||
| 300 | |a xvii, 800 p. : |b il. ; |c 28 cm. | ||
| 500 | |a Traducción de: An introduction to genetic analysis. 4th ed.; publicado W.H. Freeman, c1992. | ||
| 500 | |a Primera edición en español. | ||
| 504 | |a Incluye referencias bibliográficas e índice. | ||
| 700 | 1 | |a Suzuki, David T., |d 1936- | |
| 700 | 1 | |a Griffiths, Anthony J. F. | |
| 859 | |a AR-BbBCA |b BIB. AGRONOMIA |h 575.1 |i S968a4 |p 1995/2187 | ||
| 859 | |a AR-BbBCA |b BIB. AGRONOMIA |h 575.1 |i S968a4 |p 1995/2188 |t Ej.2 | ||
